Adventures in social research : data analysis using SPSS 14.0 and 15.0 for Windows /

Bibliographic Details
Main Author: Babbie, Earl R.
Other Authors: Halley, Zaino
Format: Book
Published: Thousand Oaks, Calif London: Pine Forge, 2007.
Edition:6th ed..
Subjects:
LEADER 00817cam a2200241 7i4500
001 0000011758
005 20151104090000.0
005 ##20151104113000.0
003 ##MY-KlINT
020 # # |a 9781412940825  
039 # 9 |y 201511041130  |z VLOAD 
090 0 0 |a 300.28553   |b BAB 
100 1 # |a Babbie, Earl R. 
245 1 0 |a Adventures in social research :   |b data analysis using SPSS 14.0 and 15.0 for Windows /   |c Earl Babbie, Fred Halley, Jeanne Zaino. 
250 # # |a 6th ed.. 
260 # # |a Thousand Oaks, Calif  |a London:   |b Pine Forge,   |c 2007. 
300 # # |a xxvii, 433 p:   |b ill;   |c 28cm. 
500 # # |a Includes CD-ROM 
500 # # |a Includes index 
650 # 0 |a Social sciences --   |x Statistical methods --   |x Computer programs  
700 0 # |a Halley,   |h Fred.  
700 0 # |a Zaino,   |h Jeanne  
999 |a 0000065057  |b BOOK  |c Main Non-Fiction  |e INTAN BK